Квантово-химическое исследование спектрально-люминесцентных и физико-химических свойств аминопиридинов; Известия вузов. Физика; Т. 46, № 4

Bibliografiske detaljer
Parent link:Известия вузов. Физика/ Министерство общего и профессионального образования Российской Федерации ; Томский Госуниверситет.— , 1958-.— 0021-3411
Т. 46, № 4.— 2003.— с. 87-91
Hovedforfatter: Артюхов В. Я.
Andre forfattere: Морев А. В., Морозова Ю. П.
Sprog:russisk
Udgivet: 2003
Serier:Оптика и спектроскопия
Fag:
Format: MixedMaterials Book Chapter
KOHA link:https://koha.lib.tpu.ru/cgi-bin/koha/opac-detail.pl?biblionumber=419846

MARC

LEADER 00000naa2a2200000 4500
001 419846
005 20231101073319.0
035 |a (RuTPU)RU\TPU\prd\77304 
035 |a RU\TPU\prd\15782 
090 |a 419846 
100 |a 20100227a2003 k y0rusy50 ca 
101 0 |a rus 
102 |a RU 
200 1 |a Квантово-химическое исследование спектрально-люминесцентных и физико-химических свойств аминопиридинов  |f В. Я. Артюхов, А. В. Морев, Ю. П. Морозова 
225 1 |a Оптика и спектроскопия 
320 |a Библиогр.: 7 назв. 
461 1 |0 (RuTPU)RU\TPU\prd\191  |x 0021-3411  |t Известия вузов. Физика  |f Министерство общего и профессионального образования Российской Федерации ; Томский Госуниверситет  |d 1958- 
463 1 |0 (RuTPU)RU\TPU\prd\77289  |t Т. 46, № 4  |v с. 87-91  |d 2003 
610 1 |a метод частичного пренебрежения 
610 1 |a спектрально-люминесцентные свойства 
610 1 |a аминопиридины 
610 1 |a поглощение 
610 1 |a длинноволновые полосы 
610 1 |a неэквивалентность 
610 1 |a гетероциклические амины 
610 1 |a спектры 
675 |a 539.196:541.14  |v 3 
700 1 |a Артюхов  |b В. Я. 
701 1 |a Морев  |b А. В. 
701 1 |a Морозова  |b Ю. П. 
801 1 |a RU  |b 63413507  |c 20030701  |g PSBO 
801 2 |a RU  |b 63413507  |c 20160325  |g RCR 
942 |c BK